Geography Quiz

Random Geography or City Quiz

Click the Capitals: S Quiz Stats

 Plays Quiz Updated Aug 30, 2017

Score 0/17 Timer 03:00
9 Plays Today
% Correct
Stockholm
95.8%
Seoul
94.7%
Singapore
92.5%
Santiago
91.9%
San Marino
89.5%
Sri Jayawardenepura Kotte
86.2%
Sofia
84.8%
Skopje
80.3%
Suva
79.6%
% Correct
Sanaa
78.8%
São Tomé
78.3%
Santo Domingo
77.8%
Sarajevo
76.9%
San José
76.4%
St. John's
76.4%
San Salvador
74.4%
St. George's
67.3%

You're not logged in!

Compare scores with friends on all Sporcle quizzes.
Join for Free
OR
Log In

You Might Also Like...

Show Comments

Extras

Top Quizzes Today


Score Distribution

Your Account Isn't Verified!

In order to create a playlist on Sporcle, you need to verify the email address you used during registration. Go to your Sporcle Settings to finish the process.

Report this User

Report this user for behavior that violates our Community Guidelines.

Details: